[Event "4NCL 2011-12"]
[Site "Hinkley ENG"]
[Date "2012.04.01"]
[Round "8.21"]
[White "Camacho Collados, Marcos"]
[Black "Hunt, Harriet V"]
[Result "0-1"]
[BlackTitle "IM"]
[WhiteElo "2411"]
[BlackElo "2454"]
[WhiteTeam "Guildford"]
[BlackTeam "Blackthorne Russia"]
[WhiteFideId "2266237"]
[BlackFideId "403512"]
[EventDate "2011.11.12"]

1. e4 c5 2. c4 Nc6 3. Nc3 g6 4. g3 Bg7 5. Bg2 d6 6. Nge2 e6 7. O-O Nge7 8. a3
Rb8 9. Rb1 b6 10. b4 Bb7 11. d3 O-O 12. f4 Qd7 13. g4 f5 14. gxf5 gxf5 15. Be3
Nd4 16. Ng3 Ng6 17. Nb5 a6 18. Nxd4 cxd4 19. Bd2 Nh4 20. Bh3 Rf6 21. Qe2 Rbf8
22. Rbe1 Rh6 23. Rf2 Nf3+ 24. Qxf3 Rxh3 25. Qe2 Kh8 26. Kf1 Qc6 27. Rg2 Bh6 28.
Qf2 fxe4 29. Rxe4 e5 30. f5 Bxd2 31. Qxd2 Qd7 32. Rg4 Bxg2+ 33. Kxg2 Rxg3+ 34.
hxg3 Qxf5 35. Qe2 b5 36. cxb5 axb5 37. Rh4 Ra8 38. Rh5 Qf7 39. Qe4 Rf8 40. Qe2
Rc8 41. Rh6 Qb7+ 42. Qe4 Rc2+ 43. Kh3 Qxe4 44. dxe4 Rc6 45. Kg4 Ra6 46. Re6 Kg7
47. Re7+ Kg6 48. Re6+ Kf7 49. Rh6 Kg7 50. Re6 h5+ 51. Kg5 d3 52. Rg6+ Kf7 53.
Rf6+ Ke7 54. Rf2 Rxa3 55. Kxh5 d5 56. exd5 e4 57. Rf4 e3 58. Re4+ Kd6 59. Rxe3
d2 60. Rxa3 d1=Q+ 61. Kh4 Qh1+ 62. Kg4 Qe4+ 0-1

[Event "4NCL 2011-12"]
[Site "Hinkley ENG"]
[Date "2012.04.01"]
[Round "8.22"]
[White "Bates, Richard A"]
[Black "Buckley, Graeme N"]
[Result "1-0"]
[WhiteTitle "IM"]
[BlackTitle "IM"]
[WhiteElo "2386"]
[BlackElo "2383"]
[WhiteTeam "Blackthorne Russia"]
[BlackTeam "Guildford"]
[WhiteFideId "403555"]
[BlackFideId "402265"]
[EventDate "2011.11.12"]

1. d4 Nf6 2. Nf3 e6 3. c4 c5 4. d5 b5 5. Bf4 Qa5+ 6. Nc3 d6 7. dxe6 Bxe6 8. cxb5
Nbd7 9. Bd2 Qb6 10. e4 h6 11. Be2 g5 12. O-O Bg7 13. a4 O-O 14. Qc2 Rae8 15.
Rfd1 d5 16. exd5 Nxd5 17. Nxd5 Bxd5 18. Be3 Nf6 19. Rac1 Rxe3 20. fxe3 g4 21.
Ne5 Qe6 22. Nxg4 Bb3 23. Nxf6+ Bxf6 24. Qxc5 Bxd1 25. Rxd1 Bg5 26. Kh1 Bxe3 27.
Qc4 Rc8 28. Qxe6 fxe6 29. b3 Rc3 30. Bc4 Kf7 31. g3 Ke7 32. Rd3 Rc1+ 33. Kg2 Bb6
34. Rd2 e5 35. Kf3 Bd4 36. Ke4 Kd6 37. Kf5 Kc5 38. Re2 Bc3 39. Re4 Rd1 40. Be2
Rc1 41. Rc4+ Kd6 42. Bf3 Bd2 43. Rc6+ Rxc6 44. bxc6 1-0

[Event "4NCL 2011-12"]
[Site "Hinkley ENG"]
[Date "2012.04.01"]
[Round "8.23"]
[White "Sarakauskas, Gediminas"]
[Black "Duncan, Chris R"]
[Result "1/2-1/2"]
[WhiteTitle "IM"]
[BlackTitle "FM"]
[WhiteElo "2403"]
[BlackElo "2315"]
[WhiteTeam "Guildford 1"]
[BlackTeam "Blackthorne Russia"]
[WhiteFideId "12800724"]
[BlackFideId "403091"]
[EventDate "2011.11.12"]

1. d4 d5 2. c4 c6 3. Nf3 Nf6 4. Qb3 dxc4 5. Qxc4 Bf5 6. g3 e6 7. Bg2 Be7 8. O-O
Nbd7 9. Nc3 O-O 10. Re1 Bg6 11. e4 b5 12. Qxc6 b4 13. e5 bxc3 14. exf6 Nxf6 15.
bxc3 Rc8 16. Qa4 Rxc3 17. Qxa7 Be4 18. Bb2 Rc7 19. Qa5 Rc2 1/2-1/2

[Event "4NCL 2011-12"]
[Site "Hinkley ENG"]
[Date "2012.04.01"]
[Round "8.24"]
[White "Ansell, Simon T"]
[Black "Wall, Gavin"]
[Result "1/2-1/2"]
[WhiteTitle "IM"]
[BlackTitle "IM"]
[WhiteElo "2389"]
[BlackElo "2330"]
[WhiteTeam "Blackthorne Russia"]
[BlackTeam "Guildford 1"]
[WhiteFideId "402141"]
[BlackFideId "2501244"]
[EventDate "2011.11.12"]

1. e4 e5 2. Nf3 d6 3. d4 exd4 4. Nxd4 Nf6 5. Nc3 Be7 6. Be2 O-O 7. O-O c5 8. Nf3
Nc6 9. Re1 a6 10. h3 b5 11. Bf1 Bb7 12. Bf4 Qc7 1/2-1/2

[Event "4NCL 2011-12"]
[Site "Hinkley ENG"]
[Date "2012.04.01"]
[Round "8.25"]
[White "Suarez Real, Alberto"]
[Black "Ledger, Dave J"]
[Result "1/2-1/2"]
[WhiteTitle "FM"]
[BlackTitle "FM"]
[WhiteElo "2387"]
[BlackElo "2228"]
[WhiteTeam "Guildford"]
[BlackTeam "Blackthorne Russia"]
[WhiteFideId "2218534"]
[BlackFideId "401986"]
[EventDate "2011.11.12"]

1. e4 e5 2. Nf3 Nc6 3. d4 exd4 4. Nxd4 Nf6 5. Nxc6 bxc6 6. e5 Qe7 7. Qe2 Nd5 8.
c4 Nb6 9. Nc3 a5 10. Qe4 Qe6 11. Bd3 Bb4 12. Bd2 Ba6 13. b3 d5 14. exd6 cxd6 15.
O-O-O Qxe4 16. Nxe4 Ba3+ 17. Kc2 d5 18. Bxa5 dxc4 19. Bxb6 cxd3+ 20. Kc3 O-O 21.
Bc5 Rfe8 22. Bxa3 Rxe4 23. Bc5 Re2 24. Rd2 Re5 25. Bd4 Rd5 1/2-1/2

[Event "4NCL 2011-12"]
[Site "Hinkley ENG"]
[Date "2012.04.01"]
[Round "8.26"]
[White "Eames, Robert S"]
[Black "Lalic, Susan K"]
[Result "1/2-1/2"]
[WhiteTitle "FM"]
[BlackTitle "IM"]
[WhiteElo "2241"]
[BlackElo "2279"]
[WhiteTeam "Blackthorne Russia"]
[BlackTeam "Guildford"]
[WhiteFideId "408743"]
[BlackFideId "401510"]
[EventDate "2011.11.12"]

1. e4 e6 2. d4 d5 3. Nc3 Nf6 4. Bg5 Bb4 5. e5 h6 6. Be3 Ne4 7. Qg4 g6 8. a3
Bxc3+ 9. bxc3 c5 10. Bd3 h5 11. Qf4 g5 12. Qf3 Nxc3 13. dxc5 Nd7 14. Bd4 Qa5 15.
Kf1 Na4 16. Qe3 Naxc5 17. Nf3 Nxd3 18. cxd3 b6 19. Nxg5 Ba6 20. Ke2 Nc5 21. Bxc5
bxc5 22. Qf4 Rf8 23. Nh7 Qc3 24. Rhd1 Bxd3+ 25. Rxd3 Qxa1 26. Nxf8 Qb2+ 27. Rd2
Qb5+ 28. Ke1 Kxf8 29. Qh6+ Kg8 30. Qg5+ Kf8 31. Qh6+ Kg8 1/2-1/2

[Event "4NCL 2011-12"]
[Site "Hinkley ENG"]
[Date "2012.04.01"]
[Round "8.27"]
[White "Osborne, Marcus E"]
[Black "Ledger, Stephen C"]
[Result "1-0"]
[WhiteElo "2246"]
[BlackElo "2107"]
[WhiteTeam "Guildford 2"]
[BlackTeam "Blackthorne Russia"]
[WhiteFideId "404608"]
[BlackFideId "404470"]
[EventDate "2011.11.12"]

1. d4 Nf6 2. Nf3 c5 3. d5 b5 4. Bg5 Qb6 5. a4 b4 6. a5 Qc7 7. Bxf6 exf6 8. Nbd2
d6 9. e3 Be7 10. Bb5+ Nd7 11. Qe2 O-O 12. Bd3 Ne5 13. Nxe5 fxe5 14. g4 Bd7 15.
Bf5 Rab8 16. h4 Qc8 17. Qd3 g6 18. Bxd7 Qxd7 19. g5 Qg4 20. Qc4 Qxc4 21. Nxc4 f6
22. gxf6 Rxf6 23. Nd2 Kg7 24. Ke2 Rf5 25. Ne4 Rh5 26. Kf3 Rf8+ 27. Kg4 Rhf5 28.
h5 gxh5+ 29. Rxh5 Rxh5 30. Kxh5 Rb8 31. Ng3 Kf7 32. Nf5 Bf8 33. Kg5 Rb5 34. e4
a6 35. f4 exf4 36. Kxf4 Kf6 37. Rh1 Rxa5 38. Rxh7 Ra1 39. Rh8 Rf1+ 40. Ke3 Bg7
41. Rd8 Rxf5 42. Rxd6+ Kg5 43. exf5 Kxf5 44. b3 Ke5 45. Rg6 Bf8 46. Rg5+ Kd6 47.
Kd3 Be7 48. Rh5 Kc7 49. Rh6 Bd6 50. Kc4 1-0

[Event "4NCL 2011-12"]
[Site "Hinkley ENG"]
[Date "2012.04.01"]
[Round "8.28"]
[White "Yurenok, Maria S"]
[Black "Sharpe, Ian W"]
[Result "0-1"]
[WhiteTitle "WFM"]
[WhiteElo "2106"]
[BlackElo "2236"]
[WhiteTeam "Blackthorne Russia"]
[BlackTeam "Guildford 2"]
[WhiteFideId "409359"]
[BlackFideId "411973"]
[EventDate "2011.11.12"]

1. d4 Nf6 2. c4 d6 3. Nc3 e5 4. d5 Be7 5. e4 O-O 6. Bd3 Na6 7. h3 Nc5 8. Bc2 a5
9. Be3 b6 10. g4 Ne8 11. Qd2 Bd7 12. Nge2 c6 13. Ng3 Nc7 14. dxc6 Bxc6 15. Nd5
Nxd5 16. exd5 Bd7 17. Nf5 Re8 18. Nxe7+ Qxe7 19. f3 Rac8 20. O-O b5 21. cxb5
Bxb5 22. Rf2 a4 23. b4 axb3 24. axb3 Qb7 25. b4 Na6 26. Bb3 Rc7 27. Qe1 Rec8 28.
Bd2 Bc4 29. Bxc4 Rxc4 30. Ra4 Nc7 31. Qe3 Rd4 32. Qa3 Qxd5 33. Be1 Rd1 34. Kf1
Nb5 35. Qa2 Qd3+ 36. Qe2 Rxe1+ 37. Kxe1 Rc1+ 0-1

[Event "4NCL 2011-12"]
[Site "Hinkley ENG"]
[Date "2012.04.01"]
[Round "8.71"]
[White "Dearing, Eddie"]
[Black "Talsma, Paul"]
[Result "1-0"]
[WhiteTitle "IM"]
[WhiteElo "2411"]
[BlackElo "2246"]
[WhiteTeam "Cambridge University"]
[BlackTeam "Anglian Avengers"]
[WhiteFideId "2400731"]
[BlackFideId "1018779"]
[EventDate "2011.11.12"]

1. d4 f5 2. g3 Nf6 3. c4 g6 4. Nf3 Bg7 5. b4 d6 6. Bb2 e5 7. dxe5 Nfd7 8. Bg2
Nc6 9. O-O Ndxe5 10. Nxe5 Nxe5 11. f4 1-0

[Event "4NCL 2011-12"]
[Site "Hinkley ENG"]
[Date "2012.04.01"]
[Round "8.73"]
[White "Pinter, Gabor"]
[Black "Munson, Shaun D"]
[Result "1/2-1/2"]
[WhiteTitle "IM"]
[WhiteElo "2360"]
[BlackElo "2201"]
[WhiteTeam "Cambridge University"]
[BlackTeam "Anglian Avengers"]
[WhiteFideId "717371"]
[BlackFideId "412511"]
[EventDate "2011.11.12"]

1. e4 c5 2. Nf3 Nc6 3. d4 cxd4 4. Nxd4 e5 5. Nb5 d6 6. c4 Be7 7. N1c3 a6 8. Na3
f5 9. exf5 Bxf5 10. Bd3 Be6 11. Nc2 Nf6 12. O-O O-O 13. b3 Qd7 14. Bg5 Ng4 15.
Qd2 h6 16. Bxe7 Nxe7 17. Rad1 Rad8 18. Ne4 Kh8 19. Qb4 Nf6 20. Rd2 Qc7 21. Nxf6
Rxf6 22. Be4 b6 23. Qa4 a5 24. Ne3 Qc5 25. b4 axb4 26. Rb1 Nf5 27. Bxf5 Bxf5 28.
Rxb4 Bd7 29. Qb3 b5 30. cxb5 Be6 31. Qb2 d5 32. b6 d4 33. b7 Rb8 34. Nf1 Rf7 35.
Qb1 Bd7 36. Rc2 Qd5 37. Rc7 Bf5 38. Qc1 Kh7 39. a3 e4 40. Ng3 Be6 41. Rxf7 Bxf7
42. Qf4 Rxb7 43. Rxb7 Qxb7 44. Qxe4+ Qxe4 45. Nxe4 Bd5 46. f3 Kg6 47. Kf2 Kf5
48. Ke2 Bc4+ 49. Kd2 Ke5 50. g3 Bb5 51. Nc5 Bc6 52. Nd3+ Kd6 53. f4 Bb5 54. Nb4
Kc5 55. g4 Kd6 56. h4 Ke6 57. h5 1/2-1/2

[Event "4NCL 2011-12"]
[Site "Hinkley ENG"]
[Date "2012.04.01"]
[Round "8.74"]
[White "Spence, David J"]
[Black "Moskovic, David M"]
[Result "0-1"]
[BlackTitle "FM"]
[WhiteElo "2211"]
[BlackElo "2324"]
[WhiteTeam "Anglian Avengers"]
[BlackTeam "Cambridge University"]
[WhiteFideId "407429"]
[BlackFideId "404535"]
[EventDate "2011.11.12"]

1. e4 c5 2. c3 Nf6 3. e5 Nd5 4. d4 cxd4 5. cxd4 e6 6. Nf3 d6 7. Bc4 Nc6 8. O-O
Be7 9. Qe2 O-O 10. Nc3 dxe5 11. dxe5 Nxc3 12. bxc3 Qa5 13. Qe4 Qa4 14. Bg5 Bd7
15. Rfd1 Rfd8 16. Qh4 Be8 17. Re1 h6 18. Bxe7 Nxe7 19. Qxe7 Qxc4 20. Qxb7 Qxc3
21. Rac1 Qa3 22. Rc2 Rab8 23. Qc7 a6 24. h3 Ba4 25. Rd2 Qf8 26. Rd6 Rxd6 27.
exd6 Rd8 28. Re4 Rc8 29. Qb6 Bc6 30. Rd4 Bd5 31. Ne5 Qd8 32. Qa7 Qf6 33. Ng4 Qg5
34. d7 Rd8 35. f4 Qe7 36. Ne5 f6 37. Ng6 Qxd7 38. Qxa6 Ra8 39. Qe2 Qf7 40. Nh4
Rxa2 41. Qe3 Qb7 42. f5 e5 43. Rg4 h5 44. Rg6 Qa7 45. Rg3 Qxe3+ 46. Rxe3 Kh7 47.
Kh2 Kh6 48. Rd3 Be4 49. Re3 Ra4 50. Rg3 Bb1 51. Rg6+ Kh7 52. g4 Ba2 53. Kg3 Ra3+ 0-1

[Event "4NCL 2011-12"]
[Site "Hinkley ENG"]
[Date "2012.04.01"]
[Round "8.75"]
[White "Alfred, Nathan S W"]
[Black "Merry, Alan B"]
[Result "0-1"]
[WhiteTitle "FM"]
[WhiteElo "2294"]
[BlackElo "2100"]
[WhiteTeam "Cambridge University"]
[BlackTeam "Anglian Avengers"]
[WhiteFideId "407739"]
[BlackFideId "418811"]
[EventDate "2011.11.12"]

1. d4 Nf6 2. c4 c5 3. d5 d6 4. Nc3 h6 5. e4 g5 6. f3 Nbd7 7. Qa4 Qb6 8. h4 Bg7
9. Nge2 Nh5 10. hxg5 hxg5 11. Qb5 g4 12. fxg4 Nf6 13. Rxh8+ Bxh8 14. g5 Ng4 15.
g6 fxg6 16. Nf4 a6 17. Qxb6 Nxb6 18. Nxg6 Bd4 19. Be2 Kf7 20. Nf4 Ne5 21. Bh5+
Kf6 22. Nce2 Nbxc4 23. Nxd4 cxd4 24. b3 Ne3 25. Bxe3 dxe3 26. Ke2 Kg5 27. Kxe3
Bg4 28. Bxg4 Nxg4+ 29. Kf3 Rf8 30. g3 Ne5+ 31. Ke3 Rc8 32. Ne2 Rc2 33. Rc1 Rxa2
34. Rc7 Ng4+ 35. Kd3 Nf2+ 36. Ke3 Nxe4 37. Kxe4 Rxe2+ 38. Kf3 Re5 39. Rxb7 Kf6
40. Rb6 Rxd5 41. Rxa6 Rd3+ 42. Kf4 Rxb3 43. Ra8 e5+ 44. Kg4 Ke6 45. Kh4 d5 46.
Ra6+ Kf5 47. g4+ Ke4 48. g5 Rb1 49. Kh5 d4 50. g6 Rg1 51. Kh6 d3 52. g7 d2 53.
Rd6 d1=Q 54. Rxd1 Rxd1 0-1

[Event "4NCL 2011-12"]
[Site "Hinkley ENG"]
[Date "2012.04.01"]
[Round "8.76"]
[White "Gray, Mark S"]
[Black "Bisby, Daniel L"]
[Result "1/2-1/2"]
[BlackTitle "FM"]
[WhiteElo "2090"]
[BlackElo "2264"]
[WhiteTeam "Anglian Avengers"]
[BlackTeam "Cambridge University"]
[WhiteFideId "414964"]
[BlackFideId "404586"]
[EventDate "2011.11.12"]

1. e4 c5 2. Nf3 e6 3. b3 b6 4. Bb2 Bb7 5. e5 d5 6. exd6 Nf6 7. Bb5+ Bc6 8. Bxc6+
Nxc6 9. d4 Bxd6 10. dxc5 Bxc5 11. Na3 Bb4+ 12. c3 Bc5 13. O-O O-O 14. Nc4 b5 15.
Nce5 Nxe5 16. Nxe5 Qxd1 17. Raxd1 Rfd8 18. b4 Bd6 19. Nc6 Rd7 20. c4 bxc4 21.
Bxf6 gxf6 22. Rd4 c3 23. Rc1 Kf8 24. Rxc3 Bxb4 25. Rxd7 Bxc3 26. Rxa7 Rc8 27.
Ra6 Ke8 28. g3 f5 29. Na5 f4 30. gxf4 Bd2 31. f5 exf5 32. Nb3 Bc3 33. Rh6 Ra8
34. Rxh7 Rxa2 35. Rh3 Bf6 36. Rf3 Ra3 37. Kg2 Kf8 38. Nd4 Rxf3 39. Nxf3 Kg7 40.
Kg3 Kh6 41. Kf4 Kg6 42. h3 Bd8 43. Ne5+ Kf6 44. Nc4 Bc7+ 45. Kf3 Kg5 46. Ne3 Kh4
47. Kg2 Kg5 48. Nd5 Bd6 49. Nc3 Kh4 50. Nb5 Bc5 51. f3 f4 52. Nc3 Be3 53. Ne4 f5
54. Nd6 Kg5 55. h4+ Kxh4 56. Nxf5+ Kg5 57. Ne7 1/2-1/2

[Event "4NCL 2011-12"]
[Site "Hinkley ENG"]
[Date "2012.04.01"]
[Round "8.77"]
[White "Churm, Rohan M"]
[Black "Gregory, Stephen J"]
[Result "1/2-1/2"]
[WhiteElo "2161"]
[BlackElo "2124"]
[WhiteTeam "Cambridge University"]
[BlackTeam "Anglian Avengers"]
[WhiteFideId "405566"]
[BlackFideId "410837"]
[EventDate "2011.11.12"]

1. e4 d6 2. Nc3 g6 3. d4 Nf6 4. Nf3 Bg7 5. Be2 a6 6. a4 O-O 7. O-O b6 8. Re1 Bb7
9. Bf1 Nc6 10. Nd5 Ne8 11. Bg5 f6 12. Be3 Qd7 13. Bc4 e6 14. Nf4 Nd8 15. Qd3 d5
16. exd5 exd5 17. Ba2 c6 18. c4 Nc7 19. Bd2 Nde6 20. Nxe6 Nxe6 21. h4 Rfe8 22.
h5 g5 23. Re2 Nf8 24. Rae1 b5 25. cxd5 cxd5 26. Bb4 Rxe2 27. Rxe2 Re8 28. Rxe8
Qxe8 29. Bb1 Qxh5 30. axb5 axb5 31. Bxf8 Bxf8 32. Qxb5 Qf7 33. Bf5 Bd6 34. g3
Kg7 35. Qd7 Qxd7 36. Bxd7 Kf7 37. Nd2 Bb4 38. Nb3 Ke7 39. Bb5 Kd6 40. Kg2 Bc8
41. Bd3 h6 42. Kf3 Kc6 43. Nc1 Kb6 44. Ne2 Bd2 45. g4 Ka5 46. Ng3 Bc1 47. Nh5
Bxb2 48. Nxf6 Bxd4 49. Nxd5 Bb7 1/2-1/2

[Event "4NCL 2011-12"]
[Site "Hinkley ENG"]
[Date "2012.04.01"]
[Round "8.42"]
[White "Buckley, David E"]
[Black "McDonald, Neil"]
[Result "1-0"]
[BlackTitle "GM"]
[WhiteElo "2245"]
[BlackElo "2457"]
[WhiteTeam "Bristol"]
[BlackTeam "Wood Green Hilsmark 1"]
[WhiteFideId "407437"]
[BlackFideId "400629"]
[EventDate "2011.11.12"]

1. d4 f5 2. Bg5 h6 3. Bh4 g5 4. e4 Nf6 5. e5 e6 6. exf6 Qxf6 7. Bg3 f4 8. Nf3
Nc6 9. Bb5 Bg7 10. c3 a6 11. Bxc6 bxc6 12. Nbd2 d6 13. Qa4 Bd7 14. Qa5 fxg3 15.
fxg3 Ra7 16. h4 gxh4 17. gxh4 Kd8 18. O-O-O Kc8 19. Rdf1 Qg6 20. h5 Qd3 21. Nh4
Be8 22. Rh3 Qe2 23. Rg3 Rh7 24. Ng6 c5 25. Nf4 Qb5 26. Qxb5 Bxb5 27. c4 Bd7 28.
dxc5 Be5 29. Rg8+ Kb7 30. Ng6 Bd4 31. cxd6 cxd6 32. Nf8 Ra8 33. Rg6 Re7 34. Nxd7
Rxd7 35. Rxe6 Rg8 36. Rg6 Rdg7 37. Rxd6 Be3 38. Re1 Rg3 39. Rd3 Bf4 40. Rxg3
Rxg3 41. Re2 Rg5 42. Kc2 Rxh5 43. b4 Rh1 44. Nb3 Bd6 45. c5 Bf4 46. Kd3 h5 47.
a4 h4 48. b5 axb5 49. axb5 Bc7 50. Re7 h3 51. gxh3 Rxh3+ 52. Kc4 Rh4+ 53. Nd4
Kc8 54. b6 Bg3 55. Kd3 1-0

[Event "4NCL 2011-12"]
[Site "Hinkley ENG"]
[Date "2012.04.01"]
[Round "8.83"]
[White "Hanley, Craig A"]
[Black "Rudd, Jack"]
[Result "1-0"]
[WhiteTitle "IM"]
[BlackTitle "IM"]
[WhiteElo "2415"]
[BlackElo "2290"]
[WhiteTeam "Wood Green Hilsmark"]
[BlackTeam "Bristol"]
[WhiteFideId "408514"]
[BlackFideId "405736"]
[EventDate "2011.11.12"]

1. c4 e5 2. Nc3 Nc6 3. g3 g6 4. Bg2 Bg7 5. a3 a5 6. e4 d6 7. Nge2 h5 8. h3 f5 9.
d3 h4 10. Nd5 hxg3 11. fxg3 Be6 12. Be3 Nd4 13. Bxd4 exd4 14. exf5 gxf5 15. Qb3
c6 16. Qxb7 1-0

[Event "4NCL 2011-12"]
[Site "Hinkley ENG"]
[Date "2012.04.01"]
[Round "8.44"]
[White "Beaumont, Chris R"]
[Black "Houska, Jovanka"]
[Result "1/2-1/2"]
[WhiteTitle "IM"]
[BlackTitle "IM"]
[WhiteElo "2279"]
[BlackElo "2415"]
[WhiteTeam "Bristol"]
[BlackTeam "Wood Green Hilsmark"]
[WhiteFideId "400424"]
[BlackFideId "405094"]
[EventDate "2011.11.12"]

1. c4 e6 2. g3 Nf6 3. Bg2 d5 4. Nf3 Be7 5. O-O O-O 6. d4 dxc4 7. Qc2 a6 8. Qxc4
b5 9. Qc2 Bb7 10. Bf4 Nd5 11. Nc3 Nxf4 12. gxf4 Nd7 13. Rfd1 Nf6 14. Ne5 Bxg2
15. Kxg2 Qc8 16. Ne4 Nd5 17. e3 Nb4 18. Qe2 f6 19. Nd3 Nxd3 20. Qxd3 f5 21. Ng3
Qb7+ 22. Kg1 Qd5 23. Qb3 Qxb3 24. axb3 a5 25. Rdc1 Bd6 26. Ne2 h6 27. h4 Kf7 28.
Rc2 Rg8 29. Nc3 Rgb8 30. Nb1 Rg8 31. Nc3 Rgb8 1/2-1/2

[Event "4NCL 2011-12"]
[Site "Hinkley ENG"]
[Date "2012.04.01"]
[Round "8.45"]
[White "Martin, Andrew D"]
[Black "Salov, Sergej"]
[Result "1/2-1/2"]
[WhiteTitle "IM"]
[BlackTitle "IM"]
[WhiteElo "2399"]
[BlackElo "2267"]
[WhiteTeam "Wood Green Hilsmark"]
[BlackTeam "Bristol"]
[WhiteFideId "400300"]
[BlackFideId "4107926"]
[EventDate "2011.11.12"]

1. d4 Nf6 2. c4 e6 3. Nc3 Bb4 4. e3 c5 5. Bd3 O-O 6. a3 Bxc3+ 7. bxc3 b6 8. Ne2
Ba6 9. O-O Nc6 10. e4 Ne8 11. f4 f5 12. Ng3 g6 13. exf5 exf5 14. dxc5 bxc5 15.
Be3 Qa5 16. Be2 Nf6 1/2-1/2

[Event "4NCL 2011-12"]
[Site "Hinkley ENG"]
[Date "2012.04.01"]
[Round "8.46"]
[White "Stewart, Joseph J"]
[Black "Pein, Malcolm"]
[Result "0-1"]
[BlackTitle "IM"]
[WhiteElo "2101"]
[BlackElo "2382"]
[WhiteTeam "Bristol"]
[BlackTeam "Wood Green Hilsmark 2"]
[WhiteFideId "412333"]
[BlackFideId "400289"]
[EventDate "2011.11.12"]

1. e4 g6 2. d4 Bg7 3. Nf3 d6 4. Bc4 Nf6 5. Nc3 O-O 6. O-O Nxe4 7. Nxe4 d5 8. Bd3
dxe4 9. Bxe4 Nd7 10. c3 c5 11. dxc5 Qc7 12. Be3 Nxc5 13. Bc2 b6 14. Qc1 Bb7 15.
Nd4 e5 16. Nb3 Ne6 17. Re1 Rfe8 18. f3 Rad8 19. a4 a5 20. Be4 Ba6 21. g4 Nf4 22.
Qc2 Nd5 23. Bg5 Bf6 24. h4 Bxg5 25. hxg5 Nf4 26. Rad1 Nh3+ 27. Kg2 Nxg5 28. Nc1
Nxe4 29. Qxe4 Bb7 30. Rxd8 Rxd8 31. Qe3 e4 32. f4 Rd6 33. f5 Rd2+ 34. Re2 Rd3
35. Nxd3 exd3+ 36. Kh3 dxe2 37. f6 Qc6 38. Qe7 Qh1+ 0-1

[Event "4NCL 2011-12"]
[Site "Hinkley ENG"]
[Date "2012.04.01"]
[Round "8.48"]
[White "Roberts, Lynda"]
[Black "Hegarty, Sarah N"]
[Result "0-1"]
[BlackTitle "WFM"]
[WhiteElo "1960"]
[BlackElo "2060"]
[WhiteTeam "Bristol"]
[BlackTeam "Wood Green Hilsmark"]
[WhiteFideId "1800191"]
[BlackFideId "2501465"]
[EventDate "2011.11.12"]

1. e4 c5 2. Nc3 Nc6 3. g3 g6 4. Bg2 Bg7 5. d3 d6 6. Be3 Rb8 7. Qd2 b5 8. Nge2 b4
9. Nd1 Qb6 10. O-O Ne5 11. f3 Nf6 12. h3 a5 13. f4 Nc6 14. g4 a4 15. c3 Nd7 16.
Ng3 Ba6 17. h4 a3 18. bxa3 bxc3 19. Nxc3 Qa5 20. Rac1 Qxa3 21. Rf2 O-O 22. h5
Nb4 23. Bf1 Nf6 24. Be2 Nxd3 25. Bxd3 Bxd3 26. Qxd3 Nxg4 27. h6 Nxf2 28. Kxf2 c4
29. Qxc4 Rfc8 30. Qa4 Rxc3 31. Qxa3 Rxa3 32. hxg7 Rxa2+ 33. Kf3 Kxg7 34. Rc7 Kf8
35. f5 Ke8 36. Bg5 Rb3+ 37. Kg4 f6 38. Bxf6 exf6 39. Rxh7 Rg2 40. Rh3 g5 41.
Rh8+ Kf7 42. Rh3 Kg7 0-1

[Event "4NCL 2011-12"]
[Site "Hinkley ENG"]
[Date "2012.05.05"]
[Round "9.12"]
[White "Rowson, Jonathan"]
[Black "Galego, Luis"]
[Result "1-0"]
[WhiteTitle "GM"]
[BlackTitle "GM"]
[WhiteElo "2581"]
[BlackElo "2482"]
[WhiteTeam "Wood Green Hilsmark 1"]
[BlackTeam "Jutes of Kent"]
[WhiteFideId "2400561"]
[BlackFideId "1900072"]
[EventDate "2011.11.12"]

1. d4 c5 2. d5 e5 3. e4 d6 4. Nc3 a6 5. a4 g6 6. Be2 h5 7. Nf3 Bh6 8. Nd2 Nd7 9.
O-O Qe7 10. Nc4 Kf8 11. a5 Kg7 12. Na4 Rb8 13. b4 Bxc1 14. Qxc1 cxb4 15. Qb2
Ngf6 16. Bd3 Ne8 17. f4 h4 18. fxe5 Nxe5 19. Nxe5 dxe5 20. Nb6 Rh5 21. Ra4 h3
22. g3 Qc5+ 23. Rf2 Rg5 24. Kf1 Nf6 25. Qxb4 Qe3 26. Nc4 Qc1+ 27. Qe1 Qxe1+ 28.
Kxe1 Ng4 29. Re2 f5 30. exf5 Bxf5 31. Bxf5 gxf5 32. Nxe5 Nxh2 33. Rxh2 Re8 34.
Re2 h2 35. Rh4 f4 36. Nf3 Rxe2+ 37. Kxe2 fxg3 38. c4 Kf6 39. Ke3 Rg4 40. Rh6+
Kg7 41. Rh3 Kf6 42. Kd3 Ke7 43. Nxh2 gxh2 44. Rxh2 Kd6 45. Rh7 Rg3+ 46. Kd4 Rg4+
47. Kc3 Rg3+ 48. Kb4 Rg1 49. Rh6+ Kc7 50. Kc5 Rg5 51. Rh7+ Kc8 52. Re7 Rh5 53.
Kd6 Rh6+ 54. Re6 Rh8 55. Rg6 Rd8+ 56. Kc5 Kc7 57. Rg7+ Kb8 58. d6 Rc8+ 59. Kd5
Rh8 60. Ke6 Kc8 61. Ke7 Rd8 62. c5 Rd7+ 63. Kf6 Rd8 64. Rf7 1-0

[Event "4NCL 2011-12"]
[Site "Hinkley ENG"]
[Date "2012.05.05"]
[Round "9.13"]
[White "Thorfinnsson, Bragi"]
[Black "Howell, David W L"]
[Result "0-1"]
[WhiteTitle "IM"]
[BlackTitle "GM"]
[WhiteElo "2421"]
[BlackElo "2633"]
[WhiteTeam "Jutes of Kent"]
[BlackTeam "Wood Green Hilsmark 1"]
[WhiteFideId "2300958"]
[BlackFideId "410608"]
[EventDate "2011.11.12"]

1. Nf3 Nf6 2. c4 b6 3. d4 Bb7 4. Nc3 e6 5. Qc2 Bb4 6. a3 Bxc3+ 7. Qxc3 d6 8. b4
Nbd7 9. Bb2 O-O 10. e3 Ne4 11. Qc2 f5 12. Rd1 Ng5 13. d5 Nxf3+ 14. gxf3 e5 15.
Rg1 Qh4 16. h3 Rf7 17. c5 Nf8 18. Qc4 f4 19. Rg4 Qh6 20. exf4 exf4 21. Kd2 bxc5
22. bxc5 Bc8 23. Rg1 Rb8 24. Kc1 Bf5 25. c6 Ng6 26. Bd4 Qh5 27. Be2 Re7 28. Rde1
Ne5 29. Qc3 Bg6 30. Bxa7 Ra8 31. Bd4 Ree8 32. Bxe5 Rxe5 33. Bd1 Bf7 34. Rxe5
dxe5 35. Bb3 Rxa3 36. Kb2 Ra8 37. d6 cxd6 38. c7 Rc8 39. Rd1 Bxb3 40. Qxb3+ Qf7
41. Rxd6 Qxb3+ 42. Kxb3 Rxc7 43. Rd5 Kf7 44. Rxe5 Kf6 45. Ra5 Rc1 46. h4 Rh1 47.
Kc4 Rh3 48. Ra3 Rxh4 49. Kd4 Rh1 50. Ke4 Kg5 51. Ra5+ Kh4 52. Kxf4 Rg1 53. Ra4
Kh3 54. Ra7 h5 55. Ra5 g6 56. Rg5 Rg2 57. Ra5 Rg1 58. Rg5 Rg2 59. Ra5 h4 60. Ra6
Rg1 61. Ke3 g5 62. f4 Re1+ 63. Kd2 Re4 64. fxg5 Kg2 65. Rh6 Kxf2 66. Rf6+ Kg3
67. Kd3 Re5 68. Kd4 Rxg5 69. Ke4 h3 70. Rf3+ Kg2 71. Ra3 h2 72. Kf4 h1=Q 73.
Ra2+ Kh3 74. Kxg5 Qd5+ 0-1